MARC details
| 000 -LEADER |
| fixed length control field |
02829nam a22003857a 4500 |
| 003 - CONTROL NUMBER IDENTIFIER |
| control field |
KnowledgeUnlatched |
| 005 - DATE AND TIME OF LATEST TRANSACTION |
| control field |
20210303104748.0 |
| 006 - FIXED-LENGTH DATA ELEMENTS--ADDITIONAL MATERIAL CHARACTERISTICS |
| fixed length control field |
m o d |
| 007 - PHYSICAL DESCRIPTION FIXED FIELD--GENERAL INFORMATION |
| fixed length control field |
cr u|||||||||| |
| 008 - FIXED-LENGTH DATA ELEMENTS--GENERAL INFORMATION |
| fixed length control field |
210129p20192020xx o u00| u eng d |
| 037 ## - SOURCE OF ACQUISITION |
| Institution to which field applies |
BiblioBoard |
| 020 ## - INTERNATIONAL STANDARD BOOK NUMBER |
| International Standard Book Number |
9789286142987 |
| 024 8# - OTHER STANDARD IDENTIFIER |
| Standard number or code |
https://doi.org/10.2867/008109 |
| 029 1# - OTHER SYSTEM CONTROL NUMBER (OCLC) |
| OCLC library identifier |
https://library.biblioboard.com/ext/api/media/f69426ed-9c03-4e8f-bbc4-c089f8bf3fca/assets/thumbnail.jpg |
| 040 ## - CATALOGING SOURCE |
| Original cataloging agency |
ScCtBLL |
| Transcribing agency |
ScCtBLL |
| 100 1# - MAIN ENTRY--PERSONAL NAME |
| Personal name |
Fackelmann, Surya |
| Relator term |
author. |
| 245 00 - TITLE STATEMENT |
| Title |
Feeding future generations: How finance can boost innovation in agri-food |
| Statement of responsibility, etc. |
Surya Fackelmann, Brendan McDonagh, European Investment Bank, Arnold Verbeek. |
| 264 #1 - PRODUCTION, PUBLICATION, DISTRIBUTION, MANUFACTURE, AND COPYRIGHT NOTICE |
| Name of producer, publisher, distributor, manufacturer |
European Investment Bank, |
| 300 ## - PHYSICAL DESCRIPTION |
| Extent |
1 online resource (1 p.) |
| 506 0# - RESTRICTIONS ON ACCESS NOTE |
| Terms governing access |
Access copy available to the general public. |
| Standardized terminology for access restriction |
Unrestricted |
| Source of term |
star |
| 520 ## - SUMMARY, ETC. |
| Summary, etc. |
More innovation and an expanded use of technology is needed for food production to meet the challenges of the future. A recent study by the European Investment Bank's Advisory Services team looks at how research and innovation is being financed in the European agri-food sector, and underscores where improvements can be made. The study highlights the sector's need for more and better-tailored finance and increased innovation if it is to meet the food needs of a growing world population while continuing to respect the UN's Sustainable Development Goals. The study also makes clear that the sector's slow growth, fragmentation, risk aversion, low levels of innovation spending and limited adoption of new technologies need to be addressed urgently to assure food security in the future. The report provides a clear argument for more EU support in mobilising finance for innovative companies in the European agri-food sector. Promising developments like crowdfunding, mini-bonds and advanced risk sharing mechanisms can help flow more funds to innovators and farmers. The study was carried out by InnovFin Advisory in collaboration with the support of Roland Berger and Wageningen University. |
| 588 0# - SOURCE OF DESCRIPTION NOTE |
| Source of description note |
Description based on print version record. |
| 590 ## - LOCAL NOTE (RLIN) |
| Local note |
KU Open Services |
| 650 #7 - SUBJECT ADDED ENTRY--TOPICAL TERM |
| Topical term or geographic name entry element |
Business & Economics / Finance |
| Source of heading or term |
bisacsh |
| 650 #0 - SUBJECT ADDED ENTRY--TOPICAL TERM |
| Topical term or geographic name entry element |
Economics |
| 655 #0 - INDEX TERM--GENRE/FORM |
| Genre/form data or focus term |
Electronic books. |
| 700 1# - ADDED ENTRY--PERSONAL NAME |
| Personal name |
McDonagh, Brendan |
| Relator term |
author. |
| 700 1# - ADDED ENTRY--PERSONAL NAME |
| Personal name |
European Investment Bank |
| Relator term |
editor. |
| 700 1# - ADDED ENTRY--PERSONAL NAME |
| Personal name |
Verbeek, Arnold |
| Relator term |
author. |
| 758 ## - |
| -- |
Is found in: |
| -- |
Knowledge Unlatched |
| -- |
https://openresearchlibrary.org/module/2774bc74-146a-484f-a7ba-ab1d6a09bbfb |
| 856 40 - ELECTRONIC LOCATION AND ACCESS |
| Uniform Resource Identifier |
<a href="https://openresearchlibrary.org/content/f69426ed-9c03-4e8f-bbc4-c089f8bf3fca">https://openresearchlibrary.org/content/f69426ed-9c03-4e8f-bbc4-c089f8bf3fca</a> |
| Public note |
View this content on Open Research Library. |
| -- |
0 |